[Event "Havana Municipal-ch 12th"]
[Site "Havana"]
[Date "2009.09.29"]
[Round "11"]
[White "Ramos Tuya, Moises"]
[Black "Basulto Riveron, Eddy"]
[Result "0-1"]
[WhiteElo "1976"]
[BlackElo "1997"]
[PlyCount "68"]
[EventDate "2009.09.15"]
[EventType "swiss"]
[EventRounds "11"]
[EventCountry "CUB"]
[EventCategory "1"]
[SourceTitle "EXT 2012"]
[Source "ChessBase"]
[SourceDate "2011.11.24"]
[SourceVersion "1"]
[SourceVersionDate "2011.11.24"]
[SourceQuality "1"]

1. d4 Nf6 2. c4 c5 3. d5 e6 4. Bg5 exd5 5. cxd5 d6 6. Nc3 h6 7. Bh4 g5 8. Bg3 Nh5 9. e4 Nxg3 10. hxg3 Bg7 11. Bd3 Qe7 12. Nge2 Nd7 13. Qa4 a6 14. 0-0 Rb8 15. Rac1 b5 16. Qd1 Ne5 17. a3 h5 18. f4 Ng4 19. Qd2 c4 20. Nd1 cxd3 21. Qxd3 Qa7+ 22. Nf2 Bd7 23. e5 dxe5 24. d6 Rc8 25. Rxc8+ Bxc8 26. Nc3 Be6 27. Nce4 Bc4 28. Qc2 Ne3 29. Qc1 Nxf1 30. b3 Qe3 31. Qc2 Qxb3 32. Qc1 0-0 33. f5 Qe3 34. Qd1 Nxg3 0-1

[Event "Havana Municipal-ch 12th"]
[Site "Havana"]
[Date "2009.09.25"]
[Round "8"]
[White "Basulto Riveron, Eddy"]
[Black "Moreno Herrera, Lazaro Pablo"]
[Result "1/2-1/2"]
[WhiteElo "1997"]
[BlackElo "2124"]
[PlyCount "49"]
[EventDate "2009.09.15"]
[EventType "swiss"]
[EventRounds "11"]
[EventCountry "CUB"]
[EventCategory "1"]
[SourceTitle "EXT 2012"]
[Source "ChessBase"]
[SourceDate "2011.11.24"]
[SourceVersion "1"]
[SourceVersionDate "2011.11.24"]
[SourceQuality "1"]

1. e4 c5 2. Nf3 Nc6 3. d4 cxd4 4. Nxd4 e5 5. Nb5 a6 6. Nd6+ Bxd6 7. Qxd6 Qf6 8. Qc7 Nge7 9. Nc3 0-0 10. Be3 Qg6 11. 0-0-0 f5 12. f3 b5 13. Nd5 Qe6 14. Bc5 Re8 15. Kb1 fxe4 16. fxe4 Qg4 17. Nxe7+ Nxe7 18. Bc4+ bxc4 19. Bxe7 Qxe4 20. Rhe1 Qc6 21. Qxc6 dxc6 22. Rxe5 Ra7 23. Rde1 Kf7 24. Bb4 Rxe5 25. Rxe5 1/2-1/2

[Event "Havana Municipal-ch 12th"]
[Site "Havana"]
[Date "2009.09.22"]
[Round "6"]
[White "Rama Gonzalez, Ricardo"]
[Black "Basulto Riveron, Eddy"]
[Result "1-0"]
[WhiteElo "2094"]
[BlackElo "1997"]
[PlyCount "27"]
[EventDate "2009.09.15"]
[EventType "swiss"]
[EventRounds "11"]
[EventCountry "CUB"]
[EventCategory "1"]
[SourceTitle "EXT 2012"]
[Source "ChessBase"]
[SourceDate "2011.11.24"]
[SourceVersion "1"]
[SourceVersionDate "2011.11.24"]
[SourceQuality "1"]

1. Nf3 Nf6 2. b3 g6 3. Bb2 Bg7 4. e3 0-0 5. Be2 d6 6. 0-0 e5 7. d3 Nc6 8. c4 Ne8 9. d4 e4 10. Nfd2 f5 11. Nc3 Nf6 12. a3 d5 13. cxd5 Nxd5 14. Nxd5 1-0

[Event "Havana Municipal-ch 12th"]
[Site "Havana"]
[Date "2009.09.19"]
[Round "4"]
[White "Fernandez Rodriguez, Carlos Antonio"]
[Black "Basulto Riveron, Eddy"]
[Result "1/2-1/2"]
[WhiteElo "2026"]
[BlackElo "1997"]
[PlyCount "91"]
[EventDate "2009.09.15"]
[EventType "swiss"]
[EventRounds "11"]
[EventCountry "CUB"]
[EventCategory "1"]
[SourceTitle "EXT 2012"]
[Source "ChessBase"]
[SourceDate "2011.11.24"]
[SourceVersion "1"]
[SourceVersionDate "2011.11.24"]
[SourceQuality "1"]

1. c4 Nf6 2. Nc3 g6 3. g3 Bg7 4. Bg2 0-0 5. e4 d6 6. Nge2 c5 7. 0-0 Nc6 8. d3 a6 9. Be3 Rb8 10. d4 Ng4 11. h3 cxd4 12. Nxd4 Nxe3 13. fxe3 Ne5 14. b3 Bd7 15. Rc1 b5 16. cxb5 axb5 17. Nf3 Rc8 18. Nxe5 Bxe5 19. Ne2 Qb6 20. Qd2 Rc6 21. Rxc6 Bxc6 22. Kh2 h5 23. Kh1 Qb7 24. Qb4 Ra8 25. a3 Bb2 26. a4 bxa4 27. Qxb7 Bxb7 28. bxa4 Rxa4 29. Rb1 Ra1 30. Rxa1 Bxa1 31. Kg1 Kg7 32. Kf2 Kf6 33. e5+ Bxe5 34. Bxb7 g5 35. Kf3 e6 36. Nd4 d5 37. Bc8 Bb8 38. Nc6 Bc7 39. Ba6 e5 40. Be2 Bb6 41. Kf2 h4 42. gxh4 gxh4 43. Kf3 Ke6 44. Nb4 f5 45. Nc2 d4 46. Bc4+ 1/2-1/2